LIBRARY ONLINE CATALOGUE

Non-prescription medicines / (Record no. 9371)

MARC details
000 -LEADER
fixed length control field 00571nam a22002052 4500
001 - CONTROL NUMBER
control field 0000020509
005 - DATE AND TIME OF LATEST TRANSACTION
control field 20151217152216.0
008 - FIXED-LENGTH DATA ELEMENTS--GENERAL INFORMATION
fixed length control field 110920s xx 000 0 eng d
020 ## - INTERNATIONAL STANDARD BOOK NUMBER
International Standard Book Number 0853696445 :
040 ## - CATALOGING SOURCE
Original cataloging agency KABU
Transcribing agency KABU
100 1# - MAIN ENTRY--PERSONAL NAME
Personal name Nathan, Alan.
-- 0000180842
245 10 - TITLE STATEMENT
Title Non-prescription medicines /
Statement of responsibility, etc. Alan Nathan.
250 ## - EDITION STATEMENT
Edition statement 3rd ed.
260 ## - PUBLICATION, DISTRIBUTION, ETC. (IMPRINT)
Place of publication, distribution, etc. London :
Name of publisher, distributor, etc. PhP,
Date of publication, distribution, etc. 2006.
300 ## - PHYSICAL DESCRIPTION
Extent xi, 441 p.
650 #0 - SUBJECT ADDED ENTRY--TOPICAL TERM
Topical term or geographic name as entry element Drugs, Nonprescription.
-- 0000072690
852 1# - LOCATION
-- p5245 KES
908 ## - PUT COMMAND PARAMETER (RLIN)
Put command parameter 110920
950 ## - LOCAL HOLDINGS (RLIN)
-- 1
Holdings
Withdrawn status Lost status Source of classification or shelving scheme Not for loan Home library Current library Date acquired Total Checkouts Full call number Barcode Date last seen Price effective from Koha item type
    Library of Congress Classification   Kabarak, Main Campus Kabarak, Main Campus 17/12/2015   RM671 .A1N38 2006 c. 1 21751 17/12/2015 17/12/2015 General Collection